Las concesiones de servicios regulares de transportes por carretera, según el Tribunal Supremo / (Record no. 137975)

MARC details
000 -LEADER
campo de control de longitud fija 00554nam a2200157 4500
001 - NÚMERO DE CONTROL
campo de control 137975
003 - IDENTIFICADOR DE NÚMERO DE CONTROL
campo de control ES-MaACL
005 - FECHA Y HORA DE LA ÚLTIMA TRANSACCIÓN
campo de control 20230906195458.0
007 - CAMPO FIJO DE DESCRIPCIÓN FÍSICA--INFORMACIÓN GENERAL
campo de control de longitud fija t|
008 - DATOS DE LONGITUD FIJA--INFORMACIÓN GENERAL
campo de control de longitud fija 070214s1964 sp r ||||1| spa d
100 1# - ENTRADA PRINCIPAL--NOMBRE DE PERSONA
Nombre de persona Sánchez Gamborino, Francisco Miguel.
9 (RLIN) 102655
245 14 - MENCIÓN DEL TÍTULO
Título Las concesiones de servicios regulares de transportes por carretera, según el Tribunal Supremo /
Mención de responsabilidad, etc. Francisco Miguel Sánchez Gamborino.
260 ## - PUBLICACIÓN, DISTRIBUCIÓN, ETC.
Lugar de publicación, distribución, etc. Madrid :
Nombre del editor, distribuidor, etc. [s. n.],
Fecha de publicación, distribución, etc. 1964 (
Fabricante Hijos de M. Minuesa)
300 ## - DESCRIPCIÓN FÍSICA
Extensión 262 p. ;
Dimensiones 21 cm.
852 ## - LOCALIZACIÓN
Ubicación ES-MaACL
Número de control de estantería C-27136
Sublocalización o colección R.56226
Holdings
Estatus retirado Estado de pérdida Estado de daño No para préstamo Biblioteca de origen Biblioteca actual Ubicación en estantería Fecha de adquisición Fuente de adquisición Total de préstamos Signatura topográfica completa Código de barras Visto por última vez Precio de reemplazo Tipo de ítem Koha
        Biblioteca del Ateneo de Madrid Biblioteca del Ateneo de Madrid Depósito 2 17/01/2008     C-27136 1143575 23/02/2023 23/02/2023 Libro impreso